| 000 | 01371cam a2200325 a 4500 | ||
|---|---|---|---|
| 001 | 3958762 | ||
| 003 | ARRUPE | ||
| 005 | 20150220020008.0 | ||
| 008 | 940217s1994 nju b 001 0 eng | ||
| 010 | _a 94004830 | ||
| 020 |
_a0691033730 (alk. paper) : _c$24.95 |
||
| 040 |
_aDLC _cDLC _dDLC |
||
| 041 | 1 |
_aeng _hfre |
|
| 050 | 0 | 0 |
_aGT596 _b.L5713 1994 |
| 082 | 0 | 0 |
_a391/.009/04 _220 |
| 100 | 1 |
_aLipovetsky, Gilles, _d1944- _94582 |
|
| 240 | 1 | 0 |
_aEmpire de l'éphémère. _lEnglish |
| 245 | 1 | 4 |
_aThe empire of fashion : _bdressing modern democracy / _cGilles Lipovetsky ; translated by Catherine Porter ; with a foreword by Richard Sennett. |
| 260 |
_aPrinceton, N.J. : _bPrinceton University Press, _cc1994. |
||
| 300 |
_ax, 276 p. ; _c25 cm. |
||
| 440 | 0 |
_aNew French thought _94583 |
|
| 504 | _aIncludes bibliographical references (p. [265]-270) and index. | ||
| 650 | 0 |
_aClothing and dress _xHistory _y20th century. _94584 |
|
| 650 | 0 |
_aFashion _xHistory _y20th century. _94585 |
|
| 856 | 4 | 1 |
_3Table of contents _uhttp://www.loc.gov/catdir/toc/prin031/94004830.html |
| 856 | 4 | 2 |
_3Publisher description _uhttp://www.loc.gov/catdir/description/prin021/94004830.html |
| 906 |
_a7 _bcbc _corignew _d1 _eocip _f19 _gy-gencatlg |
||
| 942 |
_2lcc _cMONOGRAPH _01 |
||
| 999 |
_c118897 _d118897 |
||